000 00521nam a2200193Ia 4500
003 GCL
008 140319s9999 xx 000 0 eng d
040 _aGCL /
_cGCL
082 0 4 _a792.0952
_bC K
100 1 _aCAVAYE, RONALD
245 1 0 _aKABUKI: A POCKET GUIDE /
_cCAVAYE, RONALD
260 _aاليابان :
_bCHARLES E. MENILL PUBLISHING COMPANY ،
_c1993
300 _a184 P ؛
_c20 cm.
650 0 4 _aOPERA - JAPAN
650 0 4 _aKABUKI
650 0 4 _aART, JAPAN
650 0 4 _aJAPAN - MUSIC
942 _2ddc
_cBK
999 _c19307
_d19307